000
00410nam a22001697a 4500
003
MPLRDC
005
20220104143127.0
008
210129b ||||| |||| 00| 0 eng d
082
_a
783.1 SBQZ
100
_a
明滔 译
245
_a
松本清张半生记
_c
250
_a
初版
260
_a
_b
天地图书有限公司
_c
1979
300
_b
平
650
_a
日本名人传记
942
_c
BK
_o
783.1 SBQZ
999
_c
36888
_d
36878